[Event "MIF ECAM Lyon"]
[Site "?"]
[Date "2023.04.12"]
[Round "3.1"]
[White "Priyanka Nutakki"]
[Black "Tomasi, Elise"]
[Result "1-0"]
[WhiteElo "2329"]
[BlackElo "2032"]
[PlyCount "43"]
[EventDate "2023.04.11"]
[EventType "tourn"]
[SourceDate "2023.04.11"]
[TimeControl "1/40:0"]

1. d4 d5 2. Nf3 Nf6 3. c4 dxc4 4. Nc3 a6 5. e4 b5 6. e5 Nd5 7. a4 b4 8. Ne4 h6
9. Bxc4 e6 10. O-O Be7 11. a5 O-O 12. Qe2 Bb7 13. Bd3 Nd7 14. Ng3 Qc8 15. Bxh6
gxh6 16. Qe4 N5f6 17. Qf4 Nh7 18. Qxh6 f5 19. Qxe6+ Rf7 20. Nxf5 Kf8 21. Qh6+
Ke8 22. e6 1-0

[Event "MIF ECAM Lyon"]
[Site "?"]
[Date "2023.04.12"]
[Round "3.2"]
[White "Doluhanova, Evgeniya"]
[Black "Rollot, Florence"]
[Result "1-0"]
[WhiteElo "2318"]
[BlackElo "2058"]
[PlyCount "87"]
[EventDate "2023.04.11"]
[EventType "tourn"]
[SourceDate "2023.04.11"]

1. c4 Nf6 2. d3 g6 3. e4 d6 4. f4 c5 5. Nf3 Nc6 6. Be2 Bg7 7. O-O O-O 8. Nc3
Bg4 9. h3 Bxf3 10. Bxf3 Rb8 11. Be3 Nd7 12. Qd2 a6 13. Rae1 Nd4 14. Bd1 b5 15.
b3 Re8 16. Ne2 Nxe2+ 17. Rxe2 bxc4 18. dxc4 Nf6 19. Bc2 Qc7 20. Qe1 Rbd8 21.
Bd2 Nd7 22. Ba5 Bd4+ 23. Kh1 Nb6 24. Qg3 e6 25. h4 Kg7 26. h5 Qb7 27. e5 d5 28.
Qg5 f5 29. hxg6 hxg6 30. Qf6+ Kg8 31. Rf3 Rb8 32. Bxb6 dxc4 33. Qxg6+ Kf8 34.
Rh3 Qg7 35. Qxg7+ Kxg7 36. Bc7 Rbc8 37. Bd6 cxb3 38. axb3 c4 39. b4 Rh8 40. Kh2
Rxh3+ 41. gxh3 Rc6 42. Rg2+ Kf7 43. Bd1 Ke8 44. Ba4 1-0

[Event "MIF ECAM Lyon"]
[Site "?"]
[Date "2023.04.12"]
[Round "3.4"]
[White "Cornileau, Juliette"]
[Black "Afraoui, Anaelle"]
[Result "1/2-1/2"]
[WhiteElo "2054"]
[BlackElo "2128"]
[PlyCount "134"]
[EventDate "2023.04.11"]
[EventType "tourn"]
[SourceDate "2023.04.11"]

1. d4 Nf6 2. c4 d6 3. Nc3 e5 4. Nf3 e4 5. Nd2 Qe7 6. e3 g6 7. Qc2 Bf5 8. Be2
Bg7 9. Nf1 c6 10. Ng3 O-O 11. Nxf5 gxf5 12. g3 d5 13. cxd5 Nxd5 14. Nxd5 cxd5
15. Bd2 Nc6 16. Qb3 Rfd8 17. Bc3 Rac8 18. O-O Bh6 19. Rfe1 Kh8 20. Bf1 Rd7 21.
Qd1 Qg5 22. Rc1 Rg8 23. Kh1 Qg6 24. Bh3 b5 25. Qe2 Rb7 26. Bd2 Bf8 27. Bxf5
Nxd4 28. Bc3 Qxf5 29. Bxd4+ Bg7 30. Bxg7+ Kxg7 31. Rc5 Rc8 32. Rec1 Rxc5 33.
Rxc5 Rb6 34. Qd2 Qh3 35. Qd4+ Kg8 36. Qd1 Rh6 37. Qg1 Qf5 38. Qf1 a6 39. Kg1
Qh5 40. h4 Qe5 41. Qc1 Re6 42. Rc8+ Re8 43. b3 Kg7 44. Rc5 Re6 45. Qd2 Rd6 46.
Kg2 Qf5 47. Qd4+ Rf6 48. Rc2 Kg6 49. Rd2 Rd6 50. Qh8 Rc6 51. Qg8+ Kh6 52. Qf8+
Kg6 53. Qg8+ Kh6 54. Qd8 Rc1 55. Qg5+ Qxg5 56. hxg5+ Kxg5 57. Rxd5+ f5 58. Rd6
a5 59. Ra6 a4 60. bxa4 b4 61. Rb6 Ra1 62. Rxb4 Rxa2 63. Rd4 h6 64. Rc4 h5 65.
Rd4 Ra1 66. Rb4 Ra2 67. Rd4 Ra1 1/2-1/2

[Event "MIF ECAM Lyon"]
[Site "?"]
[Date "2023.04.12"]
[Round "3.5"]
[White "Meftahi, Houssem"]
[Black "Profili, Emilio"]
[Result "1-0"]
[WhiteElo "2094"]
[BlackElo "2092"]
[PlyCount "71"]
[EventDate "2023.04.11"]
[EventType "tourn"]
[SourceDate "2023.04.11"]

1. e4 e6 2. d3 d5 3. Nd2 c5 4. Ngf3 Nc6 5. g3 Bd6 6. Bg2 Nge7 7. O-O O-O 8. Re1
Qc7 9. c3 f6 10. Nf1 Rd8 11. Qc2 b5 12. h4 Rb8 13. h5 h6 14. N1h2 dxe4 15. dxe4
e5 16. Nd2 Be6 17. Ndf1 b4 18. Ne3 bxc3 19. bxc3 Na5 20. Bf3 Kh8 21. Bg4 Bf7
22. Be2 c4 23. Neg4 Ng8 24. Nf3 Bxh5 25. Nh4 Qf7 26. Kg2 Nb7 27. Rh1 Bxg4 28.
Bxg4 Bf8 29. Be3 Ne7 30. Bxa7 Rbc8 31. a4 Nc5 32. Bxc8 Nb3 33. Bg4 Rd2 34. Qb1
Nd5 35. exd5 Qxa7 36. Ng6+ 1-0

[Event "MIF ECAM Lyon"]
[Site "?"]
[Date "2023.04.12"]
[Round "4.1"]
[White "Amdouni, Zoubaier"]
[Black "Priyanka Nutakki"]
[Result "1/2-1/2"]
[WhiteElo "2217"]
[BlackElo "2329"]
[PlyCount "71"]
[EventDate "2023.04.11"]
[EventType "tourn"]
[SourceDate "2023.04.11"]
[TimeControl "1/40:0"]

1. e4 c6 2. d4 d5 3. exd5 cxd5 4. Bd3 Nf6 5. c3 Nc6 6. Bf4 Bg4 7. Qb3 Qd7 8.
Nd2 e6 9. Ngf3 Bd6 10. Bxd6 Qxd6 11. O-O O-O 12. Rfe1 Rab8 13. Ne5 Bf5 14. Bxf5
exf5 15. Nxc6 bxc6 16. Qc2 g6 17. b4 Rfe8 18. Nf3 Nd7 19. Qd2 Kg7 20. Rxe8 Rxe8
21. Re1 Re4 22. Ng5 Re7 23. Rxe7 Qxe7 24. Qe3 Qxe3 25. fxe3 Nb6 26. Nf3 f6 27.
Nd2 Na4 28. c4 Nc3 29. a3 Kf7 30. cxd5 cxd5 31. Kf2 Ke7 32. Nb3 Kd6 33. Nc5 Nb1
34. a4 Na3 35. b5 Nc4 36. Ke2 1/2-1/2

[Event "MIF ECAM Lyon"]
[Site "?"]
[Date "2023.04.12"]
[Round "4.2"]
[White "Meftahi, Houssem"]
[Black "Doluhanova, Evgeniya"]
[Result "0-1"]
[WhiteElo "2094"]
[BlackElo "2318"]
[PlyCount "85"]
[EventDate "2023.04.11"]
[EventType "tourn"]
[SourceDate "2023.04.11"]

1. e4 e5 2. Bc4 Nf6 3. Nc3 Nxe4 4. Qh5 Nd6 5. Qxe5+ Qe7 6. Qxe7+ Bxe7 7. Be2
Nf5 8. Nf3 c6 9. d4 d5 10. Bf4 h6 11. h3 g5 12. Bh2 Be6 13. O-O-O Nd7 14. Bd3
O-O-O 15. Rhe1 Rde8 16. Ne5 Ng7 17. Re2 Nxe5 18. Bxe5 f6 19. Bh2 Bf5 20. Rde1
Kd8 21. Bb8 Bxd3 22. cxd3 a6 23. a3 Nf5 24. Ba7 Nh4 25. g3 Nf3 26. Rh1 f5 27.
Bb6+ Kd7 28. Na4 Bd6 29. Kd1 h5 30. Nc3 h4 31. gxh4 Rxh4 32. Rxe8 Kxe8 33. Ke2
g4 34. Nd1 f4 35. Nc3 Kd7 36. Nb1 Ng5 37. Nd2 f3+ 38. Ke1 Rxh3 39. Rg1 g3 40.
fxg3 Bxg3+ 41. Kf1 f2 42. Rxg3 Rxg3 43. Kxf2 0-1

[Event "MIF ECAM Lyon"]
[Site "?"]
[Date "2023.04.12"]
[Round "4.3"]
[White "Profili, Emilio"]
[Black "Cornileau, Juliette"]
[Result "1-0"]
[WhiteElo "2092"]
[BlackElo "2054"]
[PlyCount "69"]
[EventDate "2023.04.11"]
[EventType "tourn"]
[SourceDate "2023.04.11"]

1. e4 c5 2. Nf3 Nc6 3. Bb5 e6 4. O-O Nge7 5. c3 a6 6. Ba4 b5 7. Bc2 d5 8. e5
Ng6 9. d4 Be7 10. Be3 O-O 11. dxc5 Ncxe5 12. Nxe5 Nxe5 13. Bxh7+ Kxh7 14. Qh5+
Kg8 15. Qxe5 Bd7 16. Qg3 Bh4 17. Qf4 Re8 18. Bd4 Bg5 19. Qg3 f6 20. f4 Bh6 21.
Nd2 Kh7 22. Nf3 Qc7 23. Nh4 e5 24. fxe5 fxe5 25. Rae1 Rf8 26. Rxf8 Rxf8 27. Ng6
Rf4 28. Nxe5 Bf5 29. Nd3 Bxd3 30. Qxd3+ Kg8 31. Qg6 Rf8 32. Qxa6 Bd2 33. Qe6+
Kh8 34. Re5 Bh6 35. Qxh6+ 1-0

[Event "MIF ECAM Lyon"]
[Site "?"]
[Date "2023.04.12"]
[Round "4.4"]
[White "Rollot, Florence"]
[Black "Afraoui, Anaelle"]
[Result "1/2-1/2"]
[WhiteElo "2058"]
[BlackElo "2128"]
[PlyCount "65"]
[EventDate "2023.04.11"]
[EventType "tourn"]
[SourceDate "2023.04.11"]

1. Nf3 Nf6 2. c4 g6 3. g3 Bg7 4. Bg2 O-O 5. Nc3 c5 6. d4 cxd4 7. Nxd4 Nc6 8. c5
Qa5 9. Nb3 Qd8 10. O-O Ne8 11. Bf4 Nc7 12. Qd2 Ne6 13. Bh6 Na5 14. Bxg7 Kxg7
15. Nb5 Nxb3 16. axb3 a6 17. Rfd1 Kg8 18. b4 Rb8 19. Nd4 Qc7 20. Nxe6 dxe6 21.
Rac1 e5 22. c6 bxc6 23. Rxc6 Qa7 24. Qc3 Bb7 25. Rd7 Qa8 26. Rxb7 Qxb7 27.
Rxg6+ hxg6 28. Bxb7 Rxb7 29. Qxe5 Rfb8 30. Qa5 Rxb4 31. Qxa6 Rxb2 32. Kg2 R2b6
33. Qa7 1/2-1/2

[Event "MIF ECAM Lyon"]
[Site "?"]
[Date "2023.04.12"]
[Round "4.5"]
[White "Tomasi, Elise"]
[Black "Shatil, Or"]
[Result "1-0"]
[WhiteElo "2032"]
[BlackElo "2002"]
[PlyCount "135"]
[EventDate "2023.04.11"]
[EventType "tourn"]
[SourceDate "2023.04.11"]

1. d4 Nf6 2. Nf3 g6 3. g3 Bg7 4. Bg2 d5 5. O-O O-O 6. c4 c6 7. Qb3 a5 8. c5 a4
9. Qa3 b6 10. cxb6 Nfd7 11. Bf4 Nxb6 12. Nbd2 f6 13. Qc3 Bb7 14. h4 N8d7 15.
Qe3 e5 16. Bh6 e4 17. Nh2 Bxh6 18. Qxh6 f5 19. f3 c5 20. dxc5 Nxc5 21. Rac1 Rc8
22. g4 Qf6 23. fxe4 dxe4 24. Kh1 Qg7 25. Qe3 Nd5 26. Qh3 Qd4 27. Nc4 Ne6 28. e3
Nxe3 29. Nxe3 Rxc1 30. Rxc1 Nf4 31. Qg3 Ne2 32. Qe1 Nxc1 33. Qxc1 Rc8 34. Qe1
f4 35. Nef1 f3 36. Bh3 Qxb2 37. Qe3 Qe2 38. Qb6 Qa6 39. Qe3 Qd3 40. Qb6 Qd5 41.
g5 Re8 42. Ng4 Qc6 43. Nf6+ Kf7 44. Qxc6 Bxc6 45. Nxe8 Bxe8 46. Kg1 a3 47. Kf2
Ke7 48. Ne3 Bf7 49. Nc2 Bxa2 50. Nxa3 Be6 51. Bf1 Kd6 52. Ke3 Ke5 53. Nb5 Bd5
54. Nc3 Bc6 55. Nd1 Bd5 56. Nf2 Kf5 57. Bh3+ Ke5 58. Ng4+ Kd6 59. Nf6 Be6 60.
Nxe4+ Ke7 61. Bxe6 Kxe6 62. Kxf3 Kf5 63. Ng3+ Ke5 64. Kg4 Ke6 65. Ne4 Kf7 66.
Kf4 Kg7 67. Ke5 h6 68. Ke6 1-0

[Event "MIF ECAM Lyon"]
[Site "?"]
[Date "2023.04.13"]
[Round "5.1"]
[White "Doluhanova, Evgeniya"]
[Black "Profili, Emilio"]
[Result "0-1"]
[WhiteElo "2318"]
[BlackElo "2092"]
[PlyCount "80"]
[EventDate "2023.04.11"]
[EventType "tourn"]
[SourceDate "2023.04.11"]
[TimeControl "1/40:0"]

1. e4 e6 2. d3 d5 3. Qe2 Nf6 4. g3 Be7 5. Bg2 c5 6. e5 Nfd7 7. f4 Nc6 8. Nf3 b5
9. Nc3 b4 10. Nd1 a5 11. Nf2 Ba6 12. O-O Qc7 13. c4 bxc3 14. bxc3 O-O 15. h4
Rfe8 16. Ng5 h6 17. Nf3 a4 18. Ng4 Qa5 19. Bd2 Qb5 20. Nf2 Rab8 21. g4 a3 22.
h5 Qa4 23. g5 Rb2 24. gxh6 Qxf4 25. Rae1 Qf5 26. hxg7 Qxh5 27. Qe3 Ndxe5 28.
Nxe5 Nxe5 29. Qg3 Ng6 30. Bc1 Rxa2 31. Ng4 Kxg7 32. Bh6+ Kg8 33. Qf3 Rxg2+ 34.
Qxg2 Bxd3 35. Re5 Bxf1 36. Kxf1 Qh4 37. Re2 Rb8 38. Bc1 Rb1 39. Re1 Bg5 40. Bd2
a2 0-1

[Event "MIF ECAM Lyon"]
[Site "?"]
[Date "2023.04.13"]
[Round "5.3"]
[White "Afraoui, Anaelle"]
[Black "Amdouni, Zoubaier"]
[Result "0-1"]
[WhiteElo "2128"]
[BlackElo "2217"]
[PlyCount "68"]
[EventDate "2023.04.11"]
[EventType "tourn"]
[SourceDate "2023.04.11"]

1. e4 c5 2. Nf3 Nc6 3. Nc3 g6 4. d4 cxd4 5. Nxd4 Bg7 6. Nxc6 bxc6 7. Bc4 d6 8.
O-O Nf6 9. e5 dxe5 10. Qxd8+ Kxd8 11. Re1 Bf5 12. Rxe5 Nd5 13. Re2 e6 14. h3 h5
15. Ne4 Kd7 16. Bb3 a5 17. Nc5+ Kd6 18. Na4 c5 19. c3 Bd3 20. Bxd5 Bxe2 21.
Bxa8 Rxa8 22. Be3 c4 23. Re1 Bd3 24. Rd1 Rb8 25. Rd2 Kc6 26. Nc5 Bb1 27. a4 Bf5
28. f4 e5 29. g4 hxg4 30. hxg4 Bxg4 31. Ne4 Bf3 32. Ng5 Bd5 33. Rh2 Rh8 34. Rf2
Rh1# 0-1

[Event "MIF ECAM Lyon"]
[Site "?"]
[Date "2023.04.13"]
[Round "5.4"]
[White "Cornileau, Juliette"]
[Black "Tomasi, Elise"]
[Result "1-0"]
[WhiteElo "2004"]
[BlackElo "2032"]
[PlyCount "75"]
[EventDate "2023.04.11"]
[EventType "tourn"]
[SourceDate "2023.04.11"]

1. d4 d5 2. c4 dxc4 3. e3 e5 4. Bxc4 exd4 5. exd4 Nf6 6. Nf3 Bd6 7. Qe2+ Qe7 8.
Qxe7+ Bxe7 9. O-O O-O 10. Bf4 Bd6 11. Bxd6 cxd6 12. h3 a6 13. Nbd2 b5 14. Bd3
Bb7 15. Rac1 Nc6 16. a3 Nd5 17. Be4 Nce7 18. Nb3 a5 19. Rfe1 a4 20. Nbd2 Rac8
21. Bd3 Ba6 22. g3 f5 23. Ng5 h6 24. Ne6 Rfe8 25. Rxc8 Rxc8 26. Nf4 Nxf4 27.
gxf4 Kf7 28. Nb1 Rb8 29. Kh2 Kf6 30. Rc1 Ke6 31. Nc3 Kd7 32. Na2 Rb6 33. Re1
Bb7 34. Nc3 Ba6 35. Rxe7+ Kxe7 36. Nd5+ Kd7 37. Nxb6+ Kc6 38. Nxa4 1-0

[Event "MIF ECAM Lyon"]
[Site "?"]
[Date "2023.04.13"]
[Round "5.5"]
[White "Shatil, Or"]
[Black "Rollot, Florence"]
[Result "1/2-1/2"]
[WhiteElo "2002"]
[BlackElo "2058"]
[PlyCount "67"]
[EventDate "2023.04.11"]
[EventType "tourn"]
[SourceDate "2023.04.11"]

1. e4 e6 2. d4 d5 3. Nd2 c5 4. exd5 exd5 5. Ngf3 Nc6 6. Bb5 Bg4 7. O-O Bd6 8.
dxc5 Bxc5 9. Nb3 Bd6 10. Re1+ Nge7 11. h3 Bh5 12. Be3 O-O 13. Be2 b6 14. Nfd4
Bg6 15. Nxc6 Nxc6 16. c3 Bc7 17. Nd4 Qd6 18. g3 Nxd4 19. Qxd4 Qd7 20. Bg4 Qb5
21. b3 Rfe8 22. Bf4 Bxf4 23. Qxf4 Qd3 24. Qf3 Qd2 25. Red1 Qb2 26. Qxd5 Qxc3
27. Rac1 Qb2 28. Bc8 Bc2 29. Qxa8 Bxd1 30. Rxd1 Qc2 31. Qd5 Qxc8 32. Qd7 Qa8
33. Qd5 Qc8 34. Qd7 1/2-1/2

[Event "MIF ECAM Lyon"]
[Site "?"]
[Date "2023.04.14"]
[Round "6.1"]
[White "Priyanka Nutakki"]
[Black "Cornileau, Juliette"]
[Result "1/2-1/2"]
[WhiteElo "2329"]
[BlackElo "2054"]
[PlyCount "93"]
[EventDate "2023.04.11"]
[EventType "tourn"]
[SourceDate "2023.04.11"]
[TimeControl "1/40:0"]

1. d4 d5 2. c4 c6 3. Nc3 Nf6 4. Nf3 e6 5. e3 Nbd7 6. Be2 dxc4 7. a4 Bd6 8. Nd2
e5 9. Nxc4 Bc7 10. d5 cxd5 11. Nxd5 Nxd5 12. Qxd5 O-O 13. O-O Qh4 14. b3 Rd8
15. Bb2 Nf8 16. Qb5 a6 17. Qb4 e4 18. Ne5 Bd6 19. Qa5 Be6 20. g3 Qe7 21. Qc3 f6
22. Nc4 Rac8 23. a5 Bb4 24. Qc1 Nd7 25. Bd4 Nc5 26. Qb1 Qf7 27. Bxc5 Rxc5 28.
Qxe4 Bd5 29. Qd4 Rcc8 30. Rad1 Bc5 31. Qf4 Re8 32. Rd2 g5 33. Qf5 Be6 34. Qb1
Bb4 35. Rdd1 Bh3 36. Nb6 Rcd8 37. Rxd8 Rxd8 38. Rd1 Rxd1+ 39. Qxd1 Be6 40. Qd8+
Kg7 41. Nc4 Qd7 42. Qb6 Be7 43. Bf3 g4 44. Be2 h5 45. e4 Qc6 46. Qe3 Qc5 47.
Qd2 1/2-1/2

[Event "MIF ECAM Lyon"]
[Site "?"]
[Date "2023.04.14"]
[Round "6.2"]
[White "Amdouni, Zoubaier"]
[Black "Doluhanova, Evgeniya"]
[Result "0-1"]
[WhiteElo "2217"]
[BlackElo "2318"]
[PlyCount "120"]
[EventDate "2023.04.11"]
[EventType "tourn"]
[SourceDate "2023.04.11"]

1. e4 c5 2. Nc3 d6 3. f4 g6 4. Nf3 Bg7 5. Bc4 Nc6 6. O-O Nh6 7. d3 Na5 8. Bb3
Nxb3 9. axb3 f5 10. Qe1 O-O 11. e5 e6 12. Nb5 Nf7 13. Be3 b6 14. b4 dxe5 15.
Nxe5 Nxe5 16. fxe5 Qd7 17. Nd6 cxb4 18. Bd4 Bb7 19. Qg3 Bd5 20. Be3 Qc6 21. Rf2
a5 22. h4 Ra7 23. h5 gxh5 24. Qg5 Rd7 25. Bf4 Qc5 26. Be3 Qc7 27. Bf4 Qd8 28.
Qxh5 Rxd6 29. exd6 Bd4 30. Re1 Qd7 31. Qg5+ Qg7 32. d7 Bf6 33. Qxg7+ Kxg7 34.
Bc7 Bd8 35. Be5+ Kf7 36. c3 bxc3 37. bxc3 Bc6 38. c4 Bxd7 39. Rb1 Rg8 40. Bd4
a4 41. Bxb6 Bh4 42. Rc2 Rb8 43. c5 Bc6 44. Rb4 Be7 45. d4 Bf6 46. Ra2 Ra8 47.
Ra3 Rg8 48. g3 Rg4 49. Rd3 f4 50. Bc7 Rxg3+ 51. Rxg3 fxg3 52. Be5 a3 53. Rb3 a2
54. Ra3 Bxe5 55. dxe5 Bd5 56. c6 Bxc6 57. Rxa2 h5 58. Rb2 h4 59. Rb4 h3 60.
Rf4+ Ke7 0-1

[Event "MIF ECAM Lyon"]
[Site "?"]
[Date "2023.04.14"]
[Round "6.4"]
[White "Profili, Emilio"]
[Black "Afraoui, Anaelle"]
[Result "0-1"]
[WhiteElo "2092"]
[BlackElo "2128"]
[PlyCount "148"]
[EventDate "2023.04.11"]
[EventType "tourn"]
[SourceDate "2023.04.11"]

1. e4 e6 2. d4 d5 3. Nd2 dxe4 4. Nxe4 Nd7 5. Nf3 Ngf6 6. Nxf6+ Nxf6 7. Be3 a6
8. Bd3 Nd5 9. Qe2 Be7 10. h4 c5 11. c3 Nxe3 12. fxe3 Qc7 13. O-O f6 14. Nd2 O-O
15. Qh5 f5 16. Rf4 Bd6 17. Rf2 b5 18. a4 c4 19. Bc2 Bb7 20. e4 Bg3 21. Re2 g6
22. Qf3 Bxh4 23. Qh3 Qg3 24. b3 Qxh3 25. gxh3 f4 26. Nf3 Be7 27. bxc4 bxa4 28.
Bxa4 a5 29. Bd7 Bc8 30. Bc6 Ra7 31. Kg2 g5 32. Rea2 h5 33. Ne5 Bd8 34. Kf3 Rg7
35. Rg1 Kh7 36. Rag2 Kh6 37. Rh2 Bf6 38. Nd3 e5 39. dxe5 Be7 40. Rb1 Bxh3 41.
Bd5 g4+ 42. Ke2 f3+ 43. Ke3 Bg2 44. Rb6+ Kg5 45. Rf6 Bxf6 46. Nf4 Bxe5 47.
Rxh5+ Kf6 48. Rf5+ Ke7 49. Rxe5+ Kd6 50. Re6+ Kc7 51. e5 Bh3 52. Rc6+ Kb8 53.
Rf6 Re8 54. e6 a4 55. c5 a3 56. Kf2 Rb7 57. Nd3 Rb1 58. Nb4 Rb2+ 59. Kg3 Rg2+
60. Kh4 Rh8+ 61. Kg5 a2 62. Nxa2 Rxa2 63. Bxa2 g3 64. e7 g2 65. Rf8+ Ka7 66.
Rxh8 g1=Q+ 67. Kf6 Bd7 68. Rd8 Bc6 69. Bd5 f2 70. Bxc6 f1=Q+ 71. Ke6 Qe3+ 72.
Kd7 Qf5+ 73. Ke8 Qg6+ 74. Kd7 Qee6+ 0-1

[Event "MIF ECAM Lyon"]
[Site "?"]
[Date "2023.04.14"]
[Round "6.5"]
[White "Tomasi, Elise"]
[Black "Rollot, Florence"]
[Result "1-0"]
[WhiteElo "2032"]
[BlackElo "2058"]
[PlyCount "41"]
[EventDate "2023.04.11"]
[EventType "tourn"]
[SourceDate "2023.04.11"]

1. d4 Nf6 2. Nf3 c5 3. d5 b5 4. e4 Nxe4 5. Bd3 Qa5+ 6. Nbd2 Nf6 7. O-O c4 8.
Be4 Bb7 9. Re1 d6 10. a4 Nbd7 11. b4 Qxb4 12. Ba3 Qa5 13. axb5 Qxb5 14. Nd4 Qb6
15. Nxc4 Qc7 16. Nb5 Qxc4 17. Nxd6+ exd6 18. Bd3+ Qe4 19. Bxe4 Be7 20. Rb1 Ba6
21. Bd3 1-0

[Event "MIF ECAM Lyon"]
[Site "?"]
[Date "2023.04.14"]
[Round "7.1"]
[White "Doluhanova, Evgeniya"]
[Black "Priyanka Nutakki"]
[Result "1/2-1/2"]
[WhiteElo "2318"]
[BlackElo "2329"]
[Annotator "fabri"]
[PlyCount "128"]
[EventDate "2023.04.11"]
[EventType "tourn"]
[SourceDate "2023.04.11"]
[TimeControl "1/40:0"]

1. c4 {[%emt 0:01:15]} e6 {[%emt 0:01:44]} 2. Nf3 {[%emt 0:01:38]} d5 {
[%emt 0:00:00]} 3. e3 {[%emt 0:00:14]} Nf6 {[%emt 0:00:06]} 4. b3 {
[%emt 0:00:35]} c5 {[%emt 0:00:27]} 5. cxd5 {[%emt 0:00:54]} exd5 {
[%emt 0:02:06]} 6. d4 {[%emt 0:00:00]} Nc6 {[%emt 0:00:46]} 7. Be2 {
[%emt 0:00:47]} Be7 {[%emt 0:03:22]} 8. O-O {[%emt 0:03:31]} O-O {
[%emt 0:02:54]} 9. Bb2 {[%emt 0:00:42]} Bg4 {[%emt 0:00:00]} 10. dxc5 {
[%emt 0:04:35]} Bxc5 {[%emt 0:01:50]} 11. h3 {[%emt 0:01:13]} Bh5 {
[%emt 0:00:59]} 12. Nc3 {[%emt 0:00:58]} Be7 {[%emt 0:09:40]} 13. Nd4 {
[%emt 0:08:19]} Bg6 {[%emt 0:02:26]} 14. Rc1 {[%emt 0:04:01]} Rc8 {
[%emt 0:02:00]} 15. Nxc6 {[%emt 0:10:38]} bxc6 {[%emt 0:01:23]} 16. Bf3 {
[%emt 0:00:27]} Qa5 {[%emt 0:02:12]} 17. Qd4 {[%emt 0:09:20]} Rfe8 {
[%emt 0:13:21]} 18. Na4 {[%emt 0:08:42]} Bf8 {[%emt 0:05:02]} 19. Bc3 {
[%emt 0:11:47]} Qa6 {[%emt 0:05:00]} 20. Bb4 {[%emt 0:01:09]} Bxb4 {
[%emt 0:03:16]} 21. Qxb4 {[%emt 0:00:05]} Ne4 {[%emt 0:00:04]} 22. Bxe4 {
[%emt 0:07:00]} Bxe4 {[%emt 0:00:32]} 23. Rfd1 {[%emt 0:00:49]} Qe2 {
[%emt 0:16:20]} 24. Nc3 {[%emt 0:01:34]} Qa6 {[%emt 0:00:00]} 25. Nxe4 {
[%emt 0:11:29]} Rxe4 {[%emt 0:00:07]} 26. Qc5 {[%emt 0:00:45]} Re6 {
[%emt 0:05:04]} 27. Rc2 {[%emt 0:05:20]} Rce8 {[%emt 0:01:40]} 28. Rd4 {
[%emt 0:00:23]} Rg6 {[%emt 0:00:43]} 29. g3 {[%emt 0:05:41]} Qc8 {
[%emt 0:04:00]} 30. Kg2 {[%emt 0:00:10]} Qd7 {[%emt 0:02:31]} 31. Ra4 {
[%emt 0:00:29]} Qf5 {[%emt 0:00:36]} 32. Rf4 {[%emt 0:00:07]} Qd7 {
[%emt 0:00:09]} 33. Rd2 {[%emt 0:01:14]} Rh6 {[%emt 0:00:19]} 34. g4 {
[%emt 0:00:47]} Rg6 {[%emt 0:00:00]} 35. Rdd4 {[%emt 0:00:36]} f5 {
[%emt 0:04:37]} 36. Ra4 {[%emt 0:00:11]} fxg4 {[%emt 0:00:05]} 37. hxg4 {
[%emt 0:00:05]} h5 {[%emt 0:00:16]} 38. Qxa7 {[%emt 0:01:16]} Qe6 {
[%emt 0:03:26]} 39. Qd4 {[%emt 0:00:24]} Rc8 {[%emt 0:02:00]} 40. Qc5 {
[%emt 0:01:09]} hxg4 {[%emt 0:00:52]} 41. Ra7 {[%emt 0:00:29]} Qe5 {
[%emt 0:06:26]} 42. Qd4 {[%emt 0:11:22]} Qh5 {[%emt 0:15:05]} 43. Rff7 {
[%emt 0:00:50]} Qh6 {[%emt 0:03:20]} 44. Qe5 {[%emt 0:01:33]} Rd8 {
[%emt 0:02:00]} 45. Qc7 {[%emt 0:10:42]} Qg5 {[%emt 0:03:45]} 46. Qe7 {
[%emt 0:00:24]} c5 {[%emt 0:04:02]} 47. Qxg5 Rxg5 48. Rad7 Ra8 49. a4 c4 50.
bxc4 dxc4 51. Rc7 Rxa4 52. Rf4 g3 53. fxg3 Re5 54. Rc8+ Kh7 55. Rh4+ Kg6 56.
Rg4+ Kf5 57. Rf4+ Kg5 58. Kf3 Ra3 59. Rg4+ Kf6 60. Rc6+ Kf5 61. Rf4+ Kg5 62.
Rg4+ Kf5 63. Rf4+ Kg5 64. Rg4+ Kf5 1/2-1/2

[Event "MIF ECAM Lyon"]
[Site "?"]
[Date "2023.04.14"]
[Round "7.2"]
[White "Cornileau, Juliette"]
[Black "Meftahi, Houssem"]
[Result "0-1"]
[WhiteElo "2054"]
[BlackElo "2094"]
[PlyCount "96"]
[EventDate "2023.04.11"]
[EventType "tourn"]
[SourceDate "2023.04.11"]

1. d4 Nf6 2. c4 e6 3. Nc3 d5 4. cxd5 exd5 5. Bg5 Nbd7 6. e3 c6 7. Bd3 Be7 8.
Nge2 Nh5 9. Bxe7 Qxe7 10. Qc2 g6 11. h3 Nb6 12. g4 Ng7 13. Nf4 Ne6 14. O-O-O
Bd7 15. Rhe1 Qf6 16. Nxe6 Bxe6 17. Kb1 h5 18. g5 Qxg5 19. f4 Qh4 20. f5 gxf5
21. Bxf5 O-O-O 22. Ne2 Qf2 23. Bxe6+ fxe6 24. Qc3 Qf5+ 25. Ka1 Qxh3 26. Nf4 Qf5
27. a4 Nxa4 28. Qa5 Nb6 29. Rd3 e5 30. dxe5 Qxe5 31. Rb3 Nc4 32. Qxa7 Qb8 33.
Qd4 Rhe8 34. Nxh5 Re4 35. Qd1 Qa7+ 36. Kb1 Qa4 37. Nf6 Re6 38. Qg4 Nd2+ 39. Kc2
Qxg4 40. Nxg4 Nxb3 41. Kxb3 Rde8 42. Kc2 Re4 43. Nf6 Rxe3 44. Rg1 Rf8 45. Nh5
Rf2+ 46. Kb1 Ree2 47. Rg8+ Kc7 48. Rg7+ Kb6 0-1

[Event "MI ECAM Lyon"]
[Site "?"]
[Date "2023.04.14"]
[Round "7.3"]
[White "Dgebuadze, Alexandre"]
[Black "Kuhn, Clement"]
[Result "*"]
[WhiteElo "2428"]
[BlackElo "2317"]
[PlyCount "37"]
[EventDate "2023.04.11"]
[SourceDate "2023.04.11"]

1. e4 e6 2. d4 d5 3. e5 c5 4. c3 Nc6 5. Nf3 Bd7 6. Be2 f6 7. O-O fxe5 8. dxe5
Nh6 9. Re1 Nf7 10. Na3 Be7 11. Bd3 a6 12. Nc2 Qc7 13. b4 cxb4 14. cxb4 Nxb4 15.
Nxb4 Bxb4 16. Bd2 Bc5 17. Rc1 Rc8 18. Be3 b6 19. Nd4 *

[Event "MIF ECAM Lyon"]
[Site "?"]
[Date "2023.04.14"]
[Round "7.3"]
[White "Rollot, Florence"]
[Black "Amdouni, Zoubaier"]
[Result "0-1"]
[WhiteElo "2058"]
[BlackElo "2217"]
[PlyCount "78"]
[EventDate "2023.04.11"]
[EventType "tourn"]
[SourceDate "2023.04.11"]

1. Nf3 d5 2. c4 e6 3. Qc2 Nf6 4. g3 a6 5. Bg2 dxc4 6. Qxc4 b5 7. Qb3 Bb7 8. O-O
Nbd7 9. d4 c5 10. Rd1 c4 11. Qc3 Rc8 12. a3 Nc5 13. Bg5 Be7 14. Bxf6 Bxf6 15.
Nbd2 Na4 16. Qc2 c3 17. bxc3 Nxc3 18. Qd3 Nxd1 19. Rxd1 Qa5 20. Ne4 Bxe4 21.
Qxe4 O-O 22. g4 Qxa3 23. h4 Rc1 24. Rxc1 Qxc1+ 25. Kh2 Rc8 26. g5 Be7 27. Ne5
Bd6 28. f4 Bxe5 29. Qxe5 Qc7 30. Qe4 Qc2 31. Qb7 Qc7 32. Qe4 g6 33. h5 gxh5 34.
Kg3 b4 35. Kh4 b3 36. f5 exf5 37. Qxf5 Qh2+ 38. Bh3 Rc3 39. e3 Rxe3 0-1

[Event "MIF ECAM Lyon"]
[Site "?"]
[Date "2023.04.14"]
[Round "7.4"]
[White "Afraoui, Anaelle"]
[Black "Tomasi, Elise"]
[Result "1-0"]
[WhiteElo "2128"]
[BlackElo "2052"]
[PlyCount "59"]
[EventDate "2023.04.11"]
[EventType "tourn"]
[SourceDate "2023.04.11"]

1. Nf3 d5 2. g3 e6 3. Bg2 Nf6 4. O-O Be7 5. d3 b6 6. e4 dxe4 7. Ng5 Bb7 8. Nc3
O-O 9. Ngxe4 Nxe4 10. dxe4 c5 11. Be3 a6 12. Qg4 Kh8 13. Rad1 Qc7 14. f4 Nc6
15. f5 exf5 16. Qxf5 Nd4 17. Qf2 Rad8 18. Nd5 Bxd5 19. exd5 Nb5 20. c3 Nd6 21.
Bf4 f5 22. Rfe1 Bf6 23. Re6 g5 24. Rxf6 Rxf6 25. Bxg5 Rg6 26. Bxd8 Qxd8 27. Re1
Qg5 28. Qe3 Qh5 29. Qe7 f4 30. Qf8+ 1-0

[Event "MIF ECAM Lyon"]
[Site "?"]
[Date "2023.04.14"]
[Round "7.5"]
[White "Shatil, Or"]
[Black "Profili, Emilio"]
[Result "0-1"]
[WhiteElo "2002"]
[BlackElo "2092"]
[PlyCount "80"]
[EventDate "2023.04.11"]
[EventType "tourn"]
[SourceDate "2023.04.11"]

1. e4 e6 2. d4 d5 3. Nd2 Nf6 4. e5 Nfd7 5. Bd3 c5 6. c3 Nc6 7. Ne2 Qb6 8. Nf3
a5 9. O-O a4 10. Bc2 a3 11. bxa3 cxd4 12. cxd4 Bxa3 13. Bxa3 Rxa3 14. Qd2 f6
15. exf6 Nxf6 16. Ne5 O-O 17. h3 Bd7 18. Nxd7 Nxd7 19. Rad1 Qa5 20. Bb1 Qxd2
21. Rxd2 g6 22. Rb2 Ra7 23. Rd1 Kf7 24. Nc3 Na5 25. Bd3 Rc8 26. Nb5 Ra6 27. Re2
Nf6 28. Rde1 Rcc6 29. g4 Nc4 30. f4 Ra5 31. Rb1 Rb6 32. Bxc4 dxc4 33. Reb2 Nd5
34. Nc7 c3 35. Rxb6 Nxb6 36. Rc1 Na4 37. f5 gxf5 38. gxf5 Rxf5 39. d5 exd5 40.
Nb5 Rf3 0-1